| 000 | 00534cam a2200217 a 4500 | ||
|---|---|---|---|
| 020 | _a038798397X | ||
| 020 | _a9780387983974 | ||
| 020 | _a0387983996 | ||
| 020 | _a9780387983998 | ||
| 040 | _cDLC | ||
| 082 | 0 | 0 | _a510 SPR 1998 A059 Or. |
| 100 | 1 | _aHeal, K. M | |
| 245 | 1 | 0 | _aMaple V learning guide / |
| 260 |
_aNew York : _bSpringer, _c℗♭1998 |
||
| 300 |
_aix, 284 pages : _billustrations ; _c24 cm |
||
| 500 | _aIncludes index | ||
| 650 | 0 | _aAlgebra | |
| 700 | 1 | _aHansen, M. L | |
| 700 | 1 | _aRickard, K. M | |
| 942 | _cEK | ||
| 999 |
_c14217 _d14217 |
||